[Event "Oberliga Bayern 1819"]
[Site "Bayern"]
[Date "2019.02.24"]
[Round "7.6"]
[White "Goldbeck, Lars"]
[Black "Katov, Luboslav"]
[Result "1/2-1/2"]
[WhiteElo "2184"]
[BlackElo "2301"]
[PlyCount "102"]
[EventDate "2018.10.21"]
[EventType "team-tourn"]
[EventRounds "9"]
[EventCountry "GER"]
[SourceTitle "EXT 2020"]
[Source "ChessBase"]
[SourceDate "2019.10.17"]
[SourceVersion "1"]
[SourceVersionDate "2019.10.17"]
[SourceQuality "1"]
[WhiteTeam "Regensburg Bavaria"]
[BlackTeam "Deggendorf"]
[WhiteTeamCountry "GER"]
[BlackTeamCountry "GER"]

1. d4 e6 2. c4 Bb4+ 3. Nc3 f5 4. Nf3 Nf6 5. Bd2 0-0 6. g3 b6 7. Bg2 Bb7 8. 0-0 Qe7 9. a3 Bxc3 10. Bxc3 d6 11. b4 Nbd7 12. a4 Ne4 13. Be1 Rab8 14. a5 b5 15. cxb5 Bd5 16. Rc1 Ndf6 17. Qc2 Rfc8 18. b6 axb6 19. Qa4 Bc4 20. Qc2 Ba6 21. Nd2 bxa5 22. bxa5 c5 23. Nxe4 fxe4 24. Qa2 cxd4 25. Rxc8+ Rxc8 26. Bh3 Bc4 27. Qc2 d3 28. exd3 exd3 29. Qc1 Ne4 30. Bd2 Ba6 31. Qe1 d5 32. Bb4 Qf6 33. Qe3 d2 34. Rd1 Rc1 35. Rxc1 d4 36. Qxd2 Nxd2 37. Bxd2 h5 38. Bg2 Qf5 39. h4 Qd3 40. Bf4 Qa3 41. Rc6 Bb7 42. Rxe6 Bxg2 43. Kxg2 Qxa5 44. Rd6 Qa8+ 45. Kg1 Qa1+ 46. Kg2 Qa8+ 47. Kg1 Qe4 48. Rd7 Qb1+ 49. Kg2 Qe4+ 50. Kg1 Kh7 51. Rd6 Qb1+ 1/2-1/2

[Event "Oberliga Bayern 1819"]
[Site "Bayern"]
[Date "2018.11.25"]
[Round "3.7"]
[White "Reich, Thomas"]
[Black "Katov, Luboslav"]
[Result "0-1"]
[WhiteElo "2360"]
[BlackElo "2301"]
[PlyCount "80"]
[EventDate "2018.10.21"]
[EventType "team-tourn"]
[EventRounds "9"]
[EventCountry "GER"]
[SourceTitle "EXT 2020"]
[Source "ChessBase"]
[SourceDate "2019.10.17"]
[SourceVersion "1"]
[SourceVersionDate "2019.10.17"]
[SourceQuality "1"]
[WhiteTeam "Bayern Muenchen II"]
[BlackTeam "Deggendorf"]
[WhiteTeamCountry "GER"]
[BlackTeamCountry "GER"]

1. d4 e6 2. e4 d5 3. Nc3 Bb4 4. e5 Ne7 5. a3 Bxc3+ 6. bxc3 c5 7. h4 Qa5 8. Bd2 Nbc6 9. Nf3 cxd4 10. cxd4 Qa4 11. Bd3 Nxd4 12. Rb1 Nec6 13. Bc3 Nxf3+ 14. Qxf3 Qxa3 15. Bd2 Qe7 16. Qg3 f6 17. f4 0-0 18. h5 f5 19. h6 g6 20. Qf2 b6 21. g4 Bb7 22. gxf5 exf5 23. Rg1 Rae8 24. Kd1 Rf7 25. Bc3 Qc7 26. Bb5 d4 27. Bb4 Nxb4 28. Bxe8 Bf3+ 29. Qxf3 Qxc2+ 30. Ke1 Qxb1+ 31. Kf2 Qc2+ 32. Kg3 Rc7 33. Qa8 Rc8 34. Qb7 Qc7 35. Qxc7 Rxc7 36. Rd1 Kf8 37. Rxd4 Kxe8 38. Rxb4 Ke7 39. Kh4 Rb7 40. Rd4 b5 0-1

[Event "Veliko Tarnovo op"]
[Site "Veliko Tarnovo"]
[Date "2013.05.06"]
[Round "9"]
[White "Katov, Luboslav"]
[Black "Tashkov, Rumen"]
[Result "1-0"]
[WhiteElo "2281"]
[BlackElo "2211"]
[PlyCount "107"]
[EventDate "2013.05.01"]
[EventType "swiss"]
[EventRounds "9"]
[EventCountry "BUL"]
[SourceTitle "CBM 154 Extra"]
[Source "ChessBase"]
[SourceDate "2013.06.25"]
[SourceVersion "2"]
[SourceVersionDate "2013.06.25"]
[SourceQuality "1"]

1. d4 d6 2. e4 Nf6 3. f3 e5 4. dxe5 dxe5 5. Qxd8+ Kxd8 6. Bc4 Ke8 7. Be3 Nbd7 8. Nd2 Bc5 9. Ke2 Ke7 10. Nh3 Bxe3 11. Kxe3 Nb6 12. Nf2 Be6 13. Bxe6 Kxe6 14. Nd3 Nfd7 15. a4 a5 16. b3 Nc8 17. Nc4 Nd6 18. Nxd6 Kxd6 19. Rad1 Ke7 20. Nb2 Nb6 21. Nd3 Nd7 22. g3 Ra6 23. Nb2 Rc6 24. Nc4 Rc5 25. Rd2 Rxc4 26. bxc4 Nb6 27. Ke2 Nxc4 28. Rd5 b6 29. Rhd1 Rc8 30. Rd7+ Ke8 31. R7d5 c6 32. Rd7 Nb2 33. R1d6 Nc4 34. Rd3 Nb2 35. Rb7 Nxd3 36. cxd3 b5 37. axb5 cxb5 38. Rxb5 Rc2+ 39. Ke3 f6 40. Rxa5 Rxh2 41. f4 Rh5 42. Ra7 Kf8 43. Kf3 exf4 44. gxf4 Rb5 45. d4 f5 46. e5 h6 47. Rd7 Rb3+ 48. Kf2 g5 49. e6 Rb2+ 50. Kf1 Rb1+ 51. Ke2 Rb2+ 52. Kd3 Rb3+ 53. Kc4 Re3 54. d5 1-0

[Event "Veliko Tarnovo op"]
[Site "Veliko Tarnovo"]
[Date "2013.05.02"]
[Round "3"]
[White "Galunova, Tsveta"]
[Black "Katov, Luboslav"]
[Result "0-1"]
[WhiteElo "2005"]
[BlackElo "2281"]
[PlyCount "70"]
[EventDate "2013.05.01"]
[EventType "swiss"]
[EventRounds "9"]
[EventCountry "BUL"]
[SourceTitle "CBM 154 Extra"]
[Source "ChessBase"]
[SourceDate "2013.06.25"]
[SourceVersion "2"]
[SourceVersionDate "2013.06.25"]
[SourceQuality "1"]

1. e4 e6 2. d4 d5 3. exd5 exd5 4. Nf3 c6 5. c4 Nf6 6. Nc3 Be7 7. Bd3 dxc4 8. Bxc4 0-0 9. 0-0 Bg4 10. Re1 Nbd7 11. h3 Bxf3 12. Qxf3 Nb6 13. Bb3 a5 14. Bg5 a4 15. Bc2 a3 16. b3 Re8 17. Rad1 Nfd5 18. Bxe7 Rxe7 19. Rxe7 Qxe7 20. Ne4 Nd7 21. Ng3 g6 22. Ne4 Kg7 23. Qg3 N7f6 24. Nd6 Qe2 25. Qd3 Qxd3 26. Bxd3 Nc3 27. Rd2 b5 28. f3 Rd8 29. Ne4 Nfxe4 30. Bxe4 c5 31. Rc2 cxd4 32. b4 Rc8 33. Rd2 Rc4 34. Bc2 Rxb4 35. Bb3 Rxb3 0-1

[Event "Veliko Tarnovo op"]
[Site "Veliko Tarnovo"]
[Date "2013.05.01"]
[Round "1"]
[White "Simeonov, Svetoslav"]
[Black "Katov, Luboslav"]
[Result "0-1"]
[WhiteElo "1829"]
[BlackElo "2281"]
[PlyCount "44"]
[EventDate "2013.05.01"]
[EventType "swiss"]
[EventRounds "9"]
[EventCountry "BUL"]
[SourceTitle "CBM 154 Extra"]
[Source "ChessBase"]
[SourceDate "2013.06.25"]
[SourceVersion "2"]
[SourceVersionDate "2013.06.25"]
[SourceQuality "1"]

1. c4 e5 2. Nc3 Bb4 3. Nd5 Ba5 4. b4 c6 5. bxa5 cxd5 6. cxd5 Qxa5 7. Qb3 Nf6 8. Bb2 d6 9. Ba3 Na6 10. Bxd6 Ne4 11. Qe3 Nxd6 12. Qxe5+ Kd7 13. Qxg7 Re8 14. Nf3 Nb4 15. Qxh7 Re4 16. Nd4 Rxd4 17. e3 Re4 18. f3 Nc2+ 19. Kd1 Nxa1 20. fxe4 Qa4+ 21. Ke1 Nc2+ 22. Ke2 Qxe4 0-1

[Event "Nikaia op 19th"]
[Site "Nikaia"]
[Date "2011.08.31"]
[Round "7"]
[White "Katov, Luboslav"]
[Black "Korlotsidis, Spiridon"]
[Result "1-0"]
[WhiteElo "2271"]
[BlackElo "2054"]
[PlyCount "73"]
[EventDate "2011.08.26"]
[EventType "swiss"]
[EventRounds "9"]
[EventCountry "GRE"]
[SourceTitle "CBM 144 Extra"]
[Source "ChessBase"]
[SourceDate "2011.10.28"]
[SourceVersion "1"]
[SourceVersionDate "2011.10.28"]
[SourceQuality "1"]

1. d4 Nf6 2. c4 g6 3. Nc3 Bg7 4. e4 d6 5. f3 0-0 6. Be3 c5 7. d5 e6 8. Qd2 exd5 9. cxd5 Re8 10. Nge2 a6 11. a4 Nbd7 12. Nc1 Ne5 13. Be2 Bd7 14. 0-0 Rb8 15. a5 b5 16. axb6 Rxb6 17. Ra2 Bb5 18. Nxb5 axb5 19. b4 Nfd7 20. Nb3 Nc4 21. Bxc4 bxc4 22. Na5 c3 23. Qf2 Ra6 24. Nc6 Rxa2 25. Qxa2 Qc7 26. Qa5 Qxa5 27. bxa5 f5 28. a6 fxe4 29. fxe4 Rxe4 30. a7 Nb6 31. Rb1 c2 32. Rxb6 Rxe3 33. a8Q+ Bf8 34. Qa1 Rd3 35. Rb1 Ra3 36. Ne7+ Bxe7 37. Rb8+ 1-0

[Event "EU-ch U18 18th"]
[Site "Herceg Novi"]
[Date "2008.09.24"]
[Round "9"]
[White "Tereick, Benjamin"]
[Black "Katov, Luboslav"]
[Result "1-0"]
[WhiteElo "2382"]
[BlackElo "2242"]
[PlyCount "69"]
[EventDate "2008.09.15"]
[EventType "swiss"]
[EventRounds "9"]
[EventCountry "MNE"]
[SourceTitle "CBM 126 Extra"]
[Source "ChessBase"]
[SourceDate "2008.11.05"]
[SourceVersion "1"]
[SourceVersionDate "2008.11.05"]
[SourceQuality "1"]

1. Nf3 Nf6 2. c4 e6 3. g3 d5 4. Bg2 Be7 5. 0-0 0-0 6. d4 dxc4 7. Qc2 a6 8. Qxc4 b5 9. Qc2 Bb7 10. Bd2 Ra7 11. a3 Nbd7 12. Ba5 Be4 13. Qc1 Bd6 14. Nbd2 Ba8 15. Qc2 Qe7 16. b4 g6 17. Rac1 Re8 18. Rfe1 e5 19. dxe5 Nxe5 20. Nxe5 Bxg2 21. Kxg2 Qxe5 22. e4 Ng4 23. f4 Qd4 24. Nf1 Qg7 25. e5 Bf8 26. Qc6 Raa8 27. Bxc7 g5 28. f5 Rac8 29. Qf3 Nxe5 30. Rxe5 Rxc7 31. f6 Qh6 32. Rxe8 Rxc1 33. Ne3 g4 34. Qxg4+ Kh8 35. Qf4 1-0

[Event "EU-ch U18 18th"]
[Site "Herceg Novi"]
[Date "2008.09.19"]
[Round "5"]
[White "Levin, Evgeny A"]
[Black "Katov, Luboslav"]
[Result "1/2-1/2"]
[WhiteElo "2488"]
[BlackElo "2242"]
[PlyCount "87"]
[EventDate "2008.09.15"]
[EventType "swiss"]
[EventRounds "9"]
[EventCountry "MNE"]
[SourceTitle "CBM 126 Extra"]
[Source "ChessBase"]
[SourceDate "2008.11.05"]
[SourceVersion "1"]
[SourceVersionDate "2008.11.05"]
[SourceQuality "1"]

1. d4 Nf6 2. c4 e6 3. Nc3 Bb4 4. e3 0-0 5. Bd3 d5 6. cxd5 exd5 7. Nge2 Re8 8. 0-0 Bd6 9. f3 c5 10. Bd2 Nc6 11. Rc1 a6 12. Bb1 h6 13. Kh1 cxd4 14. exd4 Na5 15. Re1 Nc4 16. Bf4 Be6 17. b3 Nb6 18. Qd2 Ba3 19. Rcd1 Rc8 20. Qd3 Nbd7 21. Bd2 Nf8 22. Nf4 Bd6 23. g4 Qc7 24. Nce2 Bd7 25. a4 b5 26. a5 b4 27. Qxa6 Ra8 28. Qb6 Qxb6 29. axb6 Reb8 30. h4 Ne6 31. Nxe6 fxe6 32. Nf4 Rxb6 33. Kg2 Ra3 34. Nxe6 Rxb3 35. Nc5 Rb2 36. g5 Bf4 37. gxf6 Bb5 38. Re7 Bxd2 39. Rxg7+ Kf8 40. Kh3 Rxf6 41. Rb7 Rxf3+ 42. Kg4 Be2 43. Ne6+ Kg8 44. Rg7+ 1/2-1/2

[Event "EU-ch U18 18th"]
[Site "Herceg Novi"]
[Date "2008.09.17"]
[Round "3"]
[White "Nabaty, Tamir"]
[Black "Katov, Luboslav"]
[Result "1/2-1/2"]
[WhiteElo "2431"]
[BlackElo "2242"]
[PlyCount "71"]
[EventDate "2008.09.15"]
[EventType "swiss"]
[EventRounds "9"]
[EventCountry "MNE"]
[SourceTitle "CBM 126 Extra"]
[Source "ChessBase"]
[SourceDate "2008.11.05"]
[SourceVersion "1"]
[SourceVersionDate "2008.11.05"]
[SourceQuality "1"]

1. e4 c5 2. Nf3 e6 3. Nc3 Nc6 4. d4 cxd4 5. Nxd4 Qc7 6. f4 a6 7. Nxc6 Qxc6 8. Bd3 Bc5 9. Qg4 Kf8 10. e5 f5 11. exf6 Nxf6 12. Qe2 b5 13. Be3 Bxe3 14. Qxe3 Bb7 15. 0-0-0 Rc8 16. f5 Qc5 17. Qd2 e5 18. Rhe1 Kf7 19. g4 Nxg4 20. Be4 d5 21. Bf3 Nf6 22. Rxe5 Rhe8 23. Nxd5 Bxd5 24. Bxd5+ Nxd5 25. Qxd5+ Qxd5 26. Rexd5 Re2 27. h3 Rh2 28. a4 bxa4 29. R1d3 Rf2 30. Rd7+ Kf6 31. Ra7 Rf4 32. Kd2 Rb4 33. Rxa6+ Kxf5 34. Ra5+ Kf6 35. Ra6+ Kf5 36. Ra5+ 1/2-1/2

[Event "BUL-ch sf 72nd"]
[Site "Plovdiv"]
[Date "2008.02.17"]
[Round "8"]
[White "Katov, Luboslav"]
[Black "Todorov, Momchil"]
[Result "1/2-1/2"]
[WhiteElo "2345"]
[BlackElo "2286"]
[PlyCount "31"]
[EventDate "2008.02.13"]
[EventType "swiss"]
[EventRounds "9"]
[EventCountry "BUL"]
[SourceTitle "EXT 2009"]
[Source "ChessBase"]
[SourceDate "2008.11.26"]
[SourceVersion "1"]
[SourceVersionDate "2008.11.26"]
[SourceQuality "1"]

1. d4 Nf6 2. c4 c5 3. d5 b5 4. cxb5 a6 5. bxa6 g6 6. Nc3 Bxa6 7. Nf3 d6 8. g3 Bg7 9. Bg2 Nbd7 10. 0-0 Nb6 11. Rb1 Bc4 12. Nd2 Bxa2 13. Nxa2 Rxa2 14. Qb3 Ra4 15. Qb5+ Nfd7 16. b4 1/2-1/2

[Event "BUL-ch sf 72nd"]
[Site "Plovdiv"]
[Date "2008.02.17"]
[Round "7"]
[White "Panbukchian, Valentin"]
[Black "Katov, Luboslav"]
[Result "0-1"]
[WhiteElo "2311"]
[BlackElo "2345"]
[PlyCount "82"]
[EventDate "2008.02.13"]
[EventType "swiss"]
[EventRounds "9"]
[EventCountry "BUL"]
[SourceTitle "EXT 2009"]
[Source "ChessBase"]
[SourceDate "2008.11.26"]
[SourceVersion "1"]
[SourceVersionDate "2008.11.26"]
[SourceQuality "1"]

1. f4 c5 2. Nf3 Nc6 3. g3 g6 4. Bg2 Bg7 5. 0-0 e6 6. d3 Nge7 7. e4 d6 8. Kh1 0-0 9. c3 e5 10. Na3 Bg4 11. h3 Bxf3 12. Qxf3 f5 13. Nc4 Kh8 14. a4 Rc8 15. Be3 fxe4 16. dxe4 exf4 17. gxf4 Ne5 18. Qe2 Nxc4 19. Qxc4 d5 20. exd5 Nf5 21. Bf2 Nd6 22. Qe2 Rxf4 23. Bg3 Rxf1+ 24. Rxf1 Nf5 25. Bh2 Qd7 26. Re1 Kg8 27. d6 Kf8 28. Bd5 Re8 29. Be6 Qc6+ 30. Kg1 Bf6 31. d7 Rd8 32. Rd1 Nh4 33. Bg3 Nf3+ 34. Kf2 Ng5 35. Rd5 Rxd7 36. Rxd7 Nxe6 37. Rxh7 Kg8 38. Rh6 Kg7 39. Qe3 Qd5 40. h4 Bd4 41. cxd4 Qxd4 0-1

[Event "BUL-ch sf 72nd"]
[Site "Plovdiv"]
[Date "2008.02.15"]
[Round "4"]
[White "Katov, Luboslav"]
[Black "Dyakov, Vladimir"]
[Result "1/2-1/2"]
[WhiteElo "2345"]
[BlackElo "2112"]
[PlyCount "83"]
[EventDate "2008.02.13"]
[EventType "swiss"]
[EventRounds "9"]
[EventCountry "BUL"]
[SourceTitle "EXT 2009"]
[Source "ChessBase"]
[SourceDate "2008.11.26"]
[SourceVersion "1"]
[SourceVersionDate "2008.11.26"]
[SourceQuality "1"]

1. e4 c6 2. d4 d5 3. Nc3 dxe4 4. Nxe4 Nd7 5. Nf3 Ngf6 6. Nxf6+ Nxf6 7. Ne5 Be6 8. c3 g6 9. Bd3 Bg7 10. 0-0 0-0 11. f4 Qc8 12. Be3 Ng4 13. Qf3 Nxe5 14. fxe5 f6 15. exf6 exf6 16. Bf4 Qd7 17. a3 a5 18. Rae1 a4 19. Qg3 Rfe8 20. Re2 b5 21. Rfe1 Bd5 22. h4 Rxe2 23. Rxe2 Re8 24. Rxe8+ Qxe8 25. Bd2 Bf8 26. Qf4 Qe6 27. Qg3 Bd6 28. Bf4 Be7 29. Bh6 Kf7 30. Bf4 Bc4 31. Bxc4 bxc4 32. Qf2 h5 33. Bg3 Qg4 34. Kh2 Qe4 35. Qd2 Ke6 36. Qd1 Bd6 37. Bxd6 Qxh4+ 38. Kg1 Kxd6 39. Qxa4 Qe1+ 40. Kh2 Qe6 41. Qa5 Kd7 42. Qb6 1/2-1/2

[Event "BUL-chT 57th"]
[Site "Sunny Beach"]
[Date "2007.10.02"]
[Round "4.1"]
[White "Drenchev, Petar"]
[Black "Katov, Luboslav"]
[Result "1/2-1/2"]
[WhiteElo "2460"]
[BlackElo "2277"]
[PlyCount "52"]
[EventDate "2007.09.29"]
[EventType "team"]
[EventRounds "7"]
[EventCountry "BUL"]
[SourceTitle "CBM 120 Extra"]
[Source "ChessBase"]
[SourceDate "2007.11.01"]
[SourceVersion "1"]
[SourceVersionDate "2007.11.01"]
[SourceQuality "1"]

1. c4 e5 2. Nc3 Bb4 3. Nd5 Ba5 4. Qc2 c6 5. Nc3 Nf6 6. Nf3 Qe7 7. e4 0-0 8. Be2 d6 9. 0-0 Re8 10. d3 Nbd7 11. a3 Nf8 12. b4 Bb6 13. Na4 Bc7 14. Bb2 Ng6 15. g3 Bg4 16. Kh1 b5 17. Nc3 Bb6 18. Ng1 Bxe2 19. Qxe2 bxc4 20. dxc4 Bd4 21. Nf3 Nf8 22. Rad1 Ne6 23. Nxd4 exd4 24. Na2 c5 25. f3 Qb7 26. Qc2 Nd7 1/2-1/2

[Event "EU-ch U18 17th"]
[Site "Sibenik"]
[Date "2007.09.17"]
[Round "4"]
[White "Katov, Luboslav"]
[Black "Vernay, Clovis"]
[Result "1/2-1/2"]
[WhiteElo "2277"]
[BlackElo "2381"]
[PlyCount "76"]
[EventDate "2007.09.14"]
[EventType "swiss"]
[EventRounds "9"]
[EventCountry "CRO"]
[SourceTitle "CBM 120 Extra"]
[Source "ChessBase"]
[SourceDate "2007.11.01"]
[SourceVersion "1"]
[SourceVersionDate "2007.11.01"]
[SourceQuality "1"]

1. e4 e6 2. d4 d5 3. Nc3 Bb4 4. e5 c5 5. Bd2 Ne7 6. Nb5 Bxd2+ 7. Qxd2 0-0 8. f4 Nbc6 9. Nf3 Nf5 10. dxc5 b6 11. Nbd4 Ncxd4 12. Nxd4 bxc5 13. Nxf5 exf5 14. Be2 Rb8 15. b3 Be6 16. 0-0 Qb6 17. Rfd1 a5 18. Kh1 Rfd8 19. Qe3 Qb4 20. a3 Qb6 21. h4 d4 22. Qg1 Bd5 23. a4 f6 24. Bd3 fxe5 25. fxe5 f4 26. Qf1 Qh6 27. Bc4 Qxh4+ 28. Kg1 Kh8 29. Bxd5 Rxd5 30. Re1 Re8 31. Qf3 Qd8 32. Qxf4 Qc7 33. Re4 Rdxe5 34. Rae1 Rxe4 35. Rxe4 Qc6 36. Rxe8+ Qxe8 37. Qc7 h6 38. Qxc5 Qe1+ 1/2-1/2

[Event "Istanbul op"]
[Site "Istanbul"]
[Date "2007.09.02"]
[Round "4"]
[White "Pashikian, Arman"]
[Black "Katov, Luboslav"]
[Result "1-0"]
[WhiteElo "2528"]
[BlackElo "2277"]
[PlyCount "145"]
[EventDate "2007.08.29"]
[EventType "swiss"]
[EventRounds "9"]
[EventCountry "TUR"]
[SourceTitle "CBM 120 Extra"]
[Source "ChessBase"]
[SourceDate "2007.11.01"]
[SourceVersion "1"]
[SourceVersionDate "2007.11.01"]
[SourceQuality "1"]

1. d4 Nf6 2. Nf3 e6 3. c4 Bb4+ 4. Nbd2 b6 5. a3 Bxd2+ 6. Qxd2 Bb7 7. e3 d6 8. Be2 Nbd7 9. 0-0 0-0 10. b4 Ne4 11. Qc2 c5 12. Bb2 Rc8 13. Nd2 Nxd2 14. Qxd2 Nf6 15. f3 Qe7 16. Rfd1 Rfd8 17. Rac1 h6 18. Qe1 d5 19. bxc5 bxc5 20. dxc5 Qxc5 21. Bd4 Qxa3 22. c5 Qa4 23. Qg3 Kf8 24. Qh4 e5 25. Ra1 Qe8 26. Bb2 Bc6 27. Rxa7 Ra8 28. Rxa8 Rxa8 29. Qb4 Nd7 30. Qc3 Qb8 31. f4 Ra2 32. Rb1 Qa7 33. Bg4 Qxc5 34. Qxc5+ Nxc5 35. Bxe5 Nd7 36. Bd6+ Ke8 37. Rc1 Nf6 38. Bf3 Kd7 39. Bf8 Ne8 40. Bg4+ Kc7 41. Bh5 g6 42. Bf3 Nf6 43. Bxh6 Ne4 44. Bg7 Kd7 45. Ra1 Rxa1+ 46. Bxa1 Ke6 47. g4 f5 48. h3 fxg4 49. hxg4 Bb5 50. Bd4 Bc4 51. Kg2 Ba6 52. Kh3 Bb5 53. Kh4 Kf7 54. Bd1 Ke6 55. Bc2 Bc6 56. Bd3 Bd7 57. Be2 Kf7 58. Ba6 Nf2 59. Kg5 Ne4+ 60. Kh4 Nf2 61. Be2 Ne4 62. Bd1 Bb5 63. f5 gxf5 64. gxf5 Bd7 65. Bh5+ Ke7 66. Bg6 Nf6 67. Kg5 Ne4+ 68. Kf4 Bc6 69. Ke5 Kd7 70. f6 Nxf6 71. Kxf6 Bb5 72. Ke5 Bc4 73. Bf7 1-0

[Event "EU-chT U18 7th"]
[Site "Subotica"]
[Date "2007.07.09"]
[Round "2"]
[White "Katov, Luboslav"]
[Black "Roganovic, Milos"]
[Result "0-1"]
[WhiteElo "2277"]
[BlackElo "2329"]
[PlyCount "136"]
[EventDate "2007.07.08"]
[EventType "team-swiss"]
[EventRounds "7"]
[EventCountry "YUG"]
[SourceTitle "EXT 2020"]
[Source "ChessBase"]
[SourceDate "2019.10.17"]
[SourceVersion "1"]
[SourceVersionDate "2019.10.17"]
[SourceQuality "1"]
[WhiteTeam "Bulgaria U18"]
[BlackTeam "Serbia U18"]
[WhiteTeamCountry "BUL"]
[BlackTeamCountry "SRB"]

1. e4 c5 2. Nf3 Nc6 3. d4 cxd4 4. Nxd4 g6 5. c4 Nf6 6. Nc3 d6 7. Be2 Nxd4 8. Qxd4 Bg7 9. Bg5 0-0 10. Qd2 Be6 11. Rc1 Qa5 12. f3 Rfc8 13. Nd5 Qd8 14. 0-0 Nxd5 15. cxd5 Bd7 16. b3 a5 17. Rxc8 Rxc8 18. Rc1 Rxc1+ 19. Qxc1 Bd4+ 20. Kf1 Be5 21. Kg1 f5 22. Bd3 Qb6+ 23. Kh1 Qd4 24. Qc2 fxe4 25. Bxe4 Kf7 26. h4 Bg3 27. h5 Qe5 28. f4 Qa1+ 29. Qb1 Qxb1+ 30. Bxb1 Bf5 31. Bxf5 gxf5 32. Kg1 e6 33. Kf1 exd5 34. Ke2 Ke6 35. Ke3 Be1 36. a4 Bc3 37. Kd3 Be1 38. Ke3 Kd7 39. Bf6 Kc6 40. Bd4 Bb4 41. Kd3 Kd7 42. Bh8 Bc5 43. Bc3 b6 44. Bb2 Kc6 45. Bc3 Ba3 46. Bd2 Bc5 47. Bc3 d4 48. Bxd4 Bxd4 49. Kxd4 h6 50. Kc4 d5+ 51. Kd4 Kd6 52. g3 Ke6 53. Kd3 Kd7 54. Kc3 Kc6 55. b4 axb4+ 56. Kxb4 Kd6 57. Kb5 Kc7 58. a5 bxa5 59. Kxa5 Kc6 60. Kb4 Kb6 61. Kb3 Kc5 62. Kc3 d4+ 63. Kd3 Kd5 64. Kd2 Ke4 65. Ke2 d3+ 66. Kf2 Kd4 67. Ke1 Ke3 68. g4 fxg4 0-1

[Event "Plovdiv Tringov Memorial"]
[Site "Plovdiv"]
[Date "2007.02.08"]
[Round "5.9"]
[White "Katov, Luboslav"]
[Black "Dimitrov, Vladimir"]
[Result "1/2-1/2"]
[WhiteElo "2294"]
[BlackElo "2449"]
[PlyCount "34"]
[EventDate "2007.02.05"]
[EventType "swiss"]
[EventRounds "9"]
[EventCountry "BUL"]
[SourceTitle "CBM 116 Extra"]
[Source "ChessBase"]
[SourceDate "2007.03.07"]
[SourceVersion "1"]
[SourceVersionDate "2007.03.07"]
[SourceQuality "1"]

1. d4 Nf6 2. Nf3 e6 3. c4 b6 4. a3 c5 5. d5 Ba6 6. Qc2 exd5 7. cxd5 g6 8. Nc3 Bg7 9. g3 0-0 10. Bg2 d6 11. 0-0 Nbd7 12. h3 b5 13. Re1 Re8 14. Bf4 Qb6 15. e4 Nh5 16. Be3 Rac8 17. Bf1 Nb8 1/2-1/2

[Event "Plovdiv Tringov Memorial"]
[Site "Plovdiv"]
[Date "2007.02.08"]
[Round "6.13"]
[White "Stupavski, Zdenko"]
[Black "Katov, Luboslav"]
[Result "1/2-1/2"]
[WhiteElo "2391"]
[BlackElo "2294"]
[PlyCount "73"]
[EventDate "2007.02.05"]
[EventType "swiss"]
[EventRounds "9"]
[EventCountry "BUL"]
[SourceTitle "CBM 116 Extra"]
[Source "ChessBase"]
[SourceDate "2007.03.07"]
[SourceVersion "1"]
[SourceVersionDate "2007.03.07"]
[SourceQuality "1"]

1. e4 c5 2. Nf3 e6 3. d4 cxd4 4. Nxd4 Nf6 5. Nc3 Nc6 6. g3 Qb6 7. Nb3 Bb4 8. Bg2 Qa6 9. Qd3 b6 10. a3 Qxd3 11. cxd3 Bxc3+ 12. bxc3 Ba6 13. c4 Ne5 14. Kd2 Rc8 15. Nd4 Nfg4 16. f4 Nxd3 17. Kxd3 Rxc4 18. Bb2 Nf2+ 19. Ke3 Nxh1 20. Bf1 Ra4 21. Nb5 Nxg3 22. hxg3 Bxb5 23. Bxb5 Ra5 24. Be2 f6 25. g4 Kf7 26. Rd1 d5 27. f5 Re8 28. Kf2 Rc5 29. fxe6+ Rxe6 30. exd5 Rd6 31. Rd2 Rcxd5 32. Rxd5 Rxd5 33. Bc4 Ke6 34. g5 fxg5 35. Bxg7 Kd6 36. Bxd5 Kxd5 37. Bh6 1/2-1/2

[Event "Plovdiv Tringov Memorial"]
[Site "Plovdiv"]
[Date "2007.02.07"]
[Round "4.13"]
[White "Bojchev, Marian"]
[Black "Katov, Luboslav"]
[Result "1/2-1/2"]
[WhiteElo "2394"]
[BlackElo "2294"]
[PlyCount "60"]
[EventDate "2007.02.05"]
[EventType "swiss"]
[EventRounds "9"]
[EventCountry "BUL"]
[SourceTitle "CBM 116 Extra"]
[Source "ChessBase"]
[SourceDate "2007.03.07"]
[SourceVersion "1"]
[SourceVersionDate "2007.03.07"]
[SourceQuality "1"]

1. d4 Nf6 2. c4 e6 3. Nf3 Bb4+ 4. Nbd2 b6 5. a3 Bxd2+ 6. Bxd2 Bb7 7. Bg5 d6 8. e3 Nbd7 9. Be2 Qe7 10. 0-0 h6 11. Bh4 0-0 12. b4 c5 13. Qb3 Rfd8 14. Rfd1 d5 15. bxc5 dxc4 16. Qxc4 Bd5 17. Qc2 bxc5 18. e4 Bxe4 19. Qxe4 g5 20. Qe3 Nd5 21. Qd2 gxh4 22. Qxh6 Qf6 23. Qxf6 N5xf6 24. Nxh4 cxd4 25. Rxd4 Nb6 26. Rad1 Rxd4 27. Rxd4 Re8 28. g3 Rc8 29. Bb5 Rc2 30. Nf3 Rb2 1/2-1/2

[Event "BUL-chT U18"]
[Site "Razgrad"]
[Date "2006.11.10"]
[Round "4.2"]
[White "Velkov, Mitko"]
[Black "Katov, Luboslav"]
[Result "0-1"]
[WhiteElo "2040"]
[BlackElo "2276"]
[PlyCount "60"]
[EventDate "2006.11.08"]
[EventType "team"]
[EventRounds "7"]
[EventCountry "BUL"]
[SourceTitle "CBM 115 Extra"]
[Source "ChessBase"]
[SourceDate "2007.01.10"]
[SourceVersion "1"]
[SourceVersionDate "2007.01.10"]
[SourceQuality "1"]

1. e4 c5 2. c4 Nc6 3. Nf3 e6 4. Nc3 Nf6 5. d3 a6 6. Bg5 h6 7. Bh4 d6 8. Be2 Nd4 9. 0-0 Be7 10. Bg3 e5 11. Nxd4 cxd4 12. Nd5 g5 13. Nxf6+ Bxf6 14. f3 Be7 15. b4 f5 16. Be1 f4 17. a4 Be6 18. Qb1 Kf7 19. Bd1 h5 20. Qb2 g4 21. Rc1 Rc8 22. a5 Bh4 23. g3 Bg5 24. fxg4 hxg4 25. gxf4 Bxf4 26. Rxf4+ exf4 27. Qxd4 Qg5 28. Rc2 Ke7 29. Qb6 g3 30. hxg3 fxg3 0-1

[Event "BUL-chT 56th"]
[Site "Sunny Beach"]
[Date "2006.10.07"]
[Round "3"]
[White "Bratanov, Zsivko"]
[Black "Katov, Luboslav"]
[Result "1/2-1/2"]
[WhiteElo "2420"]
[BlackElo "2226"]
[PlyCount "128"]
[EventDate "2006.10.05"]
[EventType "team-tourn"]
[EventRounds "7"]
[EventCountry "BUL"]
[SourceTitle "CBM 114 Extra"]
[Source "ChessBase"]
[SourceDate "2006.11.03"]
[SourceVersion "1"]
[SourceVersionDate "2006.11.03"]
[SourceQuality "1"]
[WhiteTeam "Plovdiv Lokomotiv 2000"]
[BlackTeam "Pleven Spartak XXI"]
[WhiteTeamCountry "BUL"]
[BlackTeamCountry "BUL"]

1. d4 Nf6 2. Nf3 e6 3. Bg5 c5 4. e3 Be7 5. Bd3 b6 6. Nbd2 cxd4 7. exd4 Bb7 8. Bxf6 Bxf6 9. Qe2 d6 10. h4 Nd7 11. Ne4 Qe7 12. 0-0-0 Bxe4 13. Qxe4 d5 14. Qf4 Qd8 15. Kb1 Qb8 16. Qe3 b5 17. Ng5 h6 18. Nxe6 fxe6 19. Qxe6+ Kd8 20. Qxd5 a6 21. Rhe1 Ra7 22. g3 Qb7 23. Qe6 Qb6 24. c3 Qxe6 25. Rxe6 Re8 26. Rde1 Rxe6 27. Rxe6 Nf8 28. Rc6 Nd7 29. Bf5 a5 30. Kc2 Rc7 31. Rd6 Be7 32. Ra6 b4 33. Ra8+ Rc8 34. Rxc8+ Kxc8 35. Kb3 Kc7 36. Ka4 Nb6+ 37. Kxa5 Nc4+ 38. Ka4 Nxb2+ 39. Kb3 bxc3 40. Bc2 Kb6 41. Kxc3 Bf6 42. g4 g5 43. h5 Kb5 44. Kxb2 Bxd4+ 45. Kb3 Bxf2 46. Kc3 Kc5 47. Kd3 Kd5 48. Bb3+ Ke5 49. a4 Bg1 50. Kc4 Kd6 51. Bc2 Bf2 52. Kb5 Bg1 53. Bf5 Bf2 54. Ka6 Kc7 55. Be4 Bg1 56. Bg2 Bf2 57. Kb5 Kd6 58. Kc4 Ke5 59. Bb7 Bg1 60. Bc8 Bf2 61. Kb4 Kd6 62. Ka5 Bg1 63. Bf5 Bf2 64. Ka6 Kc7 1/2-1/2